Countries of South America in 30 Seconds - Statistics

General Stats
  • This quiz has been taken 798 times
  • The average score is 9 of 12
Answers on the Map
Answers color-coded by a green-red scale on the quiz's map according to % correct below.
 
Answer Stats
Answer % Correct
Brazil
94%
Argentina
88%
Chile
82%
Paraguay
77%
Uruguay
77%
Peru
75%
Colombia
73%
Bolivia
71%
Venezuela
65%
Ecuador
62%
Suriname
56%
Guyana
50%
No matching quizzes found
Score Distribution
Percent of People with Each Score
Percentile by Number Answered
Your Score History
You have not taken this quiz